| 000 -LEADER |
| fixed length control field |
00881nam a2200217Ia 4500 |
| 001 - CONTROL NUMBER |
| control field |
20942 |
| 003 - CONTROL NUMBER IDENTIFIER |
| control field |
GE_BSU |
| 005 - DATE AND TIME OF LATEST TRANSACTION |
| control field |
20221108165307.0 |
| 008 - FIXED-LENGTH DATA ELEMENTS--GENERAL INFORMATION |
| fixed length control field |
181216s2016||||us |||||||||||||| ||eng|| |
| 020 ## - INTERNATIONAL STANDARD BOOK NUMBER |
| International Standard Book Number |
9781617052620x |
| 040 ## - CATALOGING SOURCE |
| Transcribing agency |
GE_BSU |
| 080 ## - UNIVERSAL DECIMAL CLASSIFICATION NUMBER |
| Universal Decimal Classification number |
616.075 C-61 |
| 245 ## - TITLE STATEMENT |
| Title |
Clinical Diagnostic Tests : |
| Remainder of title |
How To Avoid Errors In Ordering Tests And Interpreting Results / |
| Statement of responsibility, etc. |
Edited by Michael Laposata, MD, PhD, Professor and Chair, Department of Pathology, University of Texas Medical Branch-Galveston, Galveston, Texas. |
| 264 ## - PRODUCTION, PUBLICATION, DISTRIBUTION, MANUFACTURE, AND COPYRIGHT NOTICE |
| Place of production, publication, distribution, manufacture |
New York : |
| Name of producer, publisher, distributor, manufacturer |
Demos Medical Publishing, |
| Date of production, publication, distribution, manufacture, or copyright notice |
2016. |
| 300 ## - PHYSICAL DESCRIPTION |
| Extent |
x, 299 p. ; |
| Dimensions |
18 cm. |
| 653 ## - INDEX TERM--UNCONTROLLED |
| keyword |
მედიცინა |
| 653 ## - INDEX TERM--UNCONTROLLED |
| keyword |
კლინიკური ლაბორატორიული ტექნიკა |
| 700 ## - ADDED ENTRY--PERSONAL NAME |
| Relator code |
Laposata, Michael |
| Relator term |
რედაქტორი |
| 9 (RLIN) |
12157 |
| 942 ## - ADDED ENTRY ELEMENTS (KOHA) |
| Koha item type |
წიგნი |
| Source of classification or shelving scheme |
|